Normal view
MARC view
- Farrall, Arthur W
Entry Personal Name
001 - CONTROL NUMBER
- control field: 5408
003 - CONTROL NUMBER IDENTIFIER
- control field: OSt
005 - DATE AND TIME OF LATEST TRANSACTION
- control field: 20230228110921.0
008 - FIXED-LENGTH DATA ELEMENTS
- fixed length control field: 230228|| aca||aabn | a|a d
040 ## - CATALOGING SOURCE
- Original cataloging agency: OSt
- Transcribing agency: OSt
100 ## - HEADING--PERSONAL NAME
- Personal name: Farrall, Arthur W
670 ## - SOURCE DATA FOUND
- Source citation: Work cat.: (OSt)2675: Farrall, Arthur W ., Food engineering systems:utilities vol.ll / , 1979.
